000 00304nam a22001337a 4500
008 181023b xxu||||| |||| 00| 0 eng d
020 _a0205622291
041 _aeng
080 _a371
100 _a46
101 _aEDU
245 _aWriting and Reading Across Curriculum
_cBehrens, L
942 _2udc
_cBK
999 _c50626
_d50626